000 00284nam a2200121 a 4500
008 110324s1963|||| d
100 1 _aVišváder, František
245 1 0 _aNepokojný kontinent
260 _bVPL
_aBratislava
_c1963
020 _c26
041 _aslo
044 _axo
_cSK
999 _c18494
_d18494